| 000 | 00383nam a2200157Ia 4500 | ||
|---|---|---|---|
| 005 | 20250423095642.0 | ||
| 008 | 250422s9999 xx 000 0 und d | ||
| 020 | _a1- 56276- 321- 0 | ||
| 050 | _aZ52.5.W655S86/ | ||
| 100 | _aHeidi Steele | ||
| 245 | 0 | _aHow to use microsoft word for windows 95 | |
| 260 | _bZiff- Davis press | ||
| 260 | _c1995 | ||
| 300 | _a254 p | ||
| 942 | _cBK | ||
| 999 |
_c30921 _d30921 |
||